00406 2200157 4500001002100000005001500021035002000036245004100056100002100097250001700118300003300135260003600168082000800204084001400212020002200226INLIS00000000000040920240618014615 a0010-06240001181 aDi Bawah Ancaman /cDwianto Setyawan0 aDwianto Setyawan acetakan ke-2 avii, 71 hlm :bilus ;c21 cm aJakarta :bBalai Pustaka,c2007 a813 a813 DWI d a978-979-666-285-X